00346nam a2200145Ia 4500008004100000020001500041041001200056082001100068100001300079245004000092260002500132300000800157650001600165700001900181221030s9999 xx 000 0 und d a0070601658 aEnglish a105.23 aZ. Xiang 0aSchaum`s Outlines Computer Graphics bTMHaNew Delhic2006 a407 aBB Computer aR. A. Plastock